| 000 | 01153nam0a22002531 4500 | ||
|---|---|---|---|
| 001 | rc\979452 | ||
| 005 | 20260406143242.0 | ||
| 035 | _a(NLR Aleph) 006147617 | ||
| 090 |
_a5728159 _c5728159 |
||
| 100 | _a20041129d1982 |||y0rusy50 ca | ||
| 101 | 0 | _arus | |
| 102 | _aRU | ||
| 105 | _ay ||||||||| | ||
| 200 | 1 |
_aФормы самостоятельной работы студентов в ходе пропедевтического курса русской литературы _e(Метод. разраб. для студентов) _fМ-во высш. и сред. спец. образования МССР, Бельц. гос. пед. ин-т им. А. Руссо, Каф. рус. и зарубеж. лит. _g[Сост. Круглий Л.И.] |
|
| 210 |
_aКишинев _cКГУ _d1982 |
||
| 215 |
_a[1], 54 с. _d20 |
||
| 320 | _aБиблиогр.: с. 53 | ||
| 702 | 1 |
_aКруглий _bЛ.И. _4220 |
|
| 712 | 0 | 2 |
_aБельцкий педагогический институт им. А. Руссо _3RU\NLR\AUTH\889922466 _9340923 |
| 801 | 0 |
_aRU _bNLR _gpsbo |
|
| 801 | 1 |
_aRU _bELAR _2rusmarc |
|
| 852 |
_aNLR _j83-4/16340 |
||
| 942 | _cBOOK | ||
| 980 | _aNB | ||